Food from Ancient History - Sudden Death - Statistics

General Stats
  • This quiz has been taken 115 times
  • The average score is 4 of 16
Answers on the Grid
Answers color-coded by a green-red scale on the quiz's grid according to % correct below.
Congee
Chinese steamed bun / Mantou
Fig cake / Dveláh
Jeok
Placenta cake
Onigiri
Oatcake
Moretum
Testaroli
Lamb stew
Ham
Black soup
Zongzi
Chutney
Shrikand
Nettle stew
Caesar salad
Tamagoyaki
Beef bourguignon
Soup joumou
Deviled eggs
Hummus
Quesadilla
Date square / Matrimonial cake
Cottage pie
Coffee cake
Mish-mash
Cacio e pepe
 
Answer Stats
Answer % Correct
Black soup
37%
Ham
34%
Congee
32%
Nettle stew
32%
Fig cake / Dveláh
31%
Lamb stew
31%
Placenta cake
31%
Chinese steamed bun / Mantou
29%
Jeok
28%
Oatcake
26%
Onigiri
26%
Zongzi
20%
Shrikand
17%
Chutney
12%
Moretum
12%
Testaroli
12%
No matching quizzes found
Score Distribution
Percent of People with Each Score
Percentile by Number Answered
Your Score History
You have not taken this quiz